LEADER 01180nam0-2200277 --450 001 9910330053903321 005 20190726105401.0 100 $a20190726d1851----kmuy0itay5050 ba 101 0 $alat 102 $aDE 105 $ay-------001yy 200 1 $aThesaurus literaturae botanicae omnium gentium inde a rerum botanicarum initiis ad nostra usque tempora$equindecim millia operum recensens$fcuravit G.A. Pritzel 210 $aLipsiae$ctyp. F. A. Brockhaus$d1851 215 $aVIII, 547 p.$d26 cm 300 $aLa data č corretta a penna in 1871 317 $aTimbro ovale: "R. Orto Botanico di Napoli Biblioteca Tenoreana" sul front.$5IT-NA0338 451 0$10019910330053803321 700 1$aPritzel,$bGeorg August$069965 801 0$aIT$bUNINA$gREICAT$2UNIMARC 856 4 $zVisualizza la versione elettronica in Österreichische Nationalbibliothek$uhttp://digital.onb.ac.at/OnbViewer/viewer.faces?doc=ABO_%2BZ226864905$e20190726 901 $aBK 912 $a9910330053903321 952 $aB III 51$b2767$fDBV 959 $aDBV 996 $aThesaurus literaturae botanicae omnium gentium inde a rerum botanicarum initiis ad nostra usque tempora$91558039 997 $aUNINA